| 000 | 00657nam a2200217 u 4500 | ||
|---|---|---|---|
| 005 | 20240906063825.0 | ||
| 008 | 150820s2003 r 000 0 eng d | ||
| 035 | _aUPN01000205319 | ||
| 049 | _aCG | ||
| 050 | 4 |
_aLB1119 _bB5.2 2003 |
|
| 111 | 2 |
_aBiennial meeting _d(april 24-27, 2003 : _cFlorida) |
|
| 245 | 1 | 0 |
_a2003 biennial meeting : _bprogram book. |
| 260 |
_aFlorida, EUA : _bSociety for Research in Child Development, _c2003. |
||
| 300 | _a375 p. | ||
| 650 | 4 |
_aNiño, estudio del _vCongresos _926163 |
|
| 650 | 4 |
_aPsicología infantil _990 |
|
| 650 | 4 |
_aDesarrollo infantil _9176 |
|
| 905 | _aLibro | ||
| 999 |
_c177420 _d177420 |
||